FINANCIAL MANAGEMENT: THEORY AND PRACTICE (Record no. 9087)
[ view plain ]
| 000 -LEADER | |
|---|---|
| fixed length control field | 00551nam a22001697a 4500 |
| 003 - CONTROL NUMBER IDENTIFIER | |
| control field | SGT |
| 020 ## - INTERNATIONAL STANDARD BOOK NUMBER | |
| International Standard Book Number | 9789327235975 |
| 082 ## - DEWEY DECIMAL CLASSIFICATION NUMBER | |
| Classification number | 658.15,GUP |
| 100 ## - MAIN ENTRY--PERSONAL NAME | |
| Personal name | GUPTA,SHAHI K |
| 245 ## - TITLE STATEMENT | |
| Title | FINANCIAL MANAGEMENT: THEORY AND PRACTICE |
| 250 ## - EDITION STATEMENT | |
| Edition statement | 8TH |
| 260 ## - PUBLICATION, DISTRIBUTION, ETC. (IMPRINT) | |
| Place of publication, distribution, etc | NEW DELHI |
| Name of publisher, distributor, etc | KALYANI PUBLISHERS |
| Year of Publication | 2014 |
| 300 ## - PAGE DESCRIPTION | |
| No. of Pages | V.P |
| 650 ## - SUBJECT ADDED ENTRY--TOPICAL TERM | |
| Topical term or geographic name as entry element | FINANCIAL MANAGEMENT |
| 653 ## - KEYWORDS--INDEX TERM | |
| Keyword term | INTRODUCTION TO FINANCE, FINANCIAL AND COST ANALYSIS,FINANCIAL PLANNING AND DECISION, FUNDS MANAGEMENTS,LONG TERM INVESTMENT DECISION, SELECTED PROBLEMS OF FINANCE |
| 942 ## - ADDED ENTRY ELEMENTS (KOHA) | |
| Source of classification or shelving scheme | Dewey Decimal Classification |
| Koha item type | FCM Books |
| 942 ## - ADDED ENTRY ELEMENTS (KOHA) | |
| -- | 6 |
| Withdrawn status | Lost status | Source of classification or shelving scheme | Damaged status | Not for loan | Collection code | Home library | Current library | Shelving location | Date acquired | Vendor Name | Cost, normal purchase price | SGTU | Bill Number | Total Checkouts | Total Renewals | Full call number | Accession No. (Barcode) | Date last seen | Date last borrowed | Bill Date | Koha item type |
|---|---|---|---|---|---|---|---|---|---|---|---|---|---|---|---|---|---|---|---|---|---|
| Dewey Decimal Classification | COMMERCE MANAGEMENT | SGT Science & Social Sciences Library | SGT Science & Social Sciences Library | On Display | 16/06/2016 | KIRTI PRAKASHAN | 550.00 | SGTU | 2308 | 27 | 3 | 658.15,GUP | CM599 | 19/09/2025 | 19/09/2025 | 05/03/2015 | FCM Books | ||||
| Dewey Decimal Classification | COMMERCE MANAGEMENT | SGT Science & Social Sciences Library | SGT Science & Social Sciences Library | On Display | 16/06/2016 | KIRTI PRAKASHAN | 550.00 | SGTU | 2308 | 12 | 2 | 658.15,GUP | CM600 | 26/04/2023 | 11/04/2023 | 05/03/2015 | FCM Books |